Le Guatemala pour les touristes... - Facile - Statistiques

Statistiques générales
  • Ce quiz a été pris 15 fois
  • Le résultat moyen est 10 sur 20
Statistiques - réponses
Question Indice Réponses Indice facile % Correct
Achats à faire 1/ Base du chocolat Cacao ACOCA
93%
Achats à faire 2/ Boisson chaude Café FECA
86%
Quelle est la langue officielle ? Espagnol
86%
Quel est le climat local ? T Tropical
79%
La vitesse est limitée hors des villes à {100} km/h
71%
Dans la capitale quel est le décalage horaire avec Paris ? (+ ou - et chiffre) ex - 10 - 8
71%
La conduite se fait à droite ou à gauche ? Droite
71%
Le principal aéroport est G Guatemala
71%
Avez-vous besoin d'un visa ? (oui/non) Non
71%
Combien d'heures (environ) mettrez-vous pour vous y rendre ? (en chiffres) 12
64%
Achats à faire 3/ Tissus... Mayas SAMAY
50%
La religion majoritaire est Catholicisme C
36%
Le suffixe internet est gt
36%
Quelles sont les principaux lieux touristiques ? T Cité de {Tikal} KALTI
29%
Quelle est la monnaie ? Quetzal Q
29%
Quelles sont les principaux lieux touristiques ? A Lac {Atitlan} ALITANT
21%
Quelles sont les principaux lieux touristiques ? A Antigua TANGUAI
14%
Achats à faire 4/ Masques de Chichiscastenango CCCHHAGONISSAIENT
0%
Quelles sont les principaux lieux touristiques ? G Las Fuentes {Georginas} AGREGIONS
0%
Comment se nomme la principale compagnie aérienne locale T A G Transportes Aéreos Guatemaltecos EMTTCOAGULASSESAEROTRANSPORTEE
0%
Aucun quiz correspondant
Distribution des résultats
% des personnes avec chaque résultat
Percentile par nombre de réponses
Votre historique - résultats
Vous n’avez pas pris ce quiz